Thin-film solar cells : (Record no. 355827)

000 -LEADER
fixed length control field 01408cam a22003614a 4500
001 - CONTROL NUMBER
control field 13258390
003 - CONTROL NUMBER IDENTIFIER
control field USPCAS-E
005 - DATE AND TIME OF LATEST TRANSACTION
control field 20180118181415.0
008 - FIXED-LENGTH DATA ELEMENTS--GENERAL INFORMATION
fixed length control field 030701s2004 gw a b 001 0 eng
010 ## - LIBRARY OF CONGRESS CONTROL NUMBER
LC control number 2003057384
020 ## - INTERNATIONAL STANDARD BOOK NUMBER
International Standard Book Number 3540439455 (alk. paper)
040 ## - CATALOGING SOURCE
Original cataloging agency DLC
Transcribing agency DLC
Modifying agency DLC
042 ## - AUTHENTICATION CODE
Authentication code pcc
050 00 - LIBRARY OF CONGRESS CALL NUMBER
Classification number TK2960
Item number .T45 2004
082 00 - DEWEY DECIMAL CLASSIFICATION NUMBER
Classification number 621.31244
Edition number 22
Author Mark THI 20004
245 00 - TITLE STATEMENT
Title Thin-film solar cells :
Remainder of title next generation photovoltaics and its applications /
Statement of responsibility, etc. Yoshihiro Hamakawa (ed.).
260 ## - PUBLICATION, DISTRIBUTION, ETC.
Place of publication, distribution, etc. Berlin ;
-- New York :
Name of publisher, distributor, etc. Springer,
Date of publication, distribution, etc. c2004.
300 ## - PHYSICAL DESCRIPTION
Extent xv, 244 p. :
Other physical details ill. ;
Dimensions 24 cm.
490 1# - SERIES STATEMENT
Series statement Springer series in photonics,
International Standard Serial Number 1437-0379 ;
Volume/sequential designation 13
502 ## - DISSERTATION NOTE
Dissertation note 0
504 ## - BIBLIOGRAPHY, ETC. NOTE
Bibliography, etc. note Includes bibliographical references and index.
650 #0 - SUBJECT ADDED ENTRY--TOPICAL TERM
Topical term or geographic name entry element Photovoltaic power generation.
650 #0 - SUBJECT ADDED ENTRY--TOPICAL TERM
Topical term or geographic name entry element Thin films.
650 #0 - SUBJECT ADDED ENTRY--TOPICAL TERM
Topical term or geographic name entry element Solar cells.
650 #0 - SUBJECT ADDED ENTRY--TOPICAL TERM
Topical term or geographic name entry element Thin film devices.
700 1# - ADDED ENTRY--PERSONAL NAME
Personal name Hamakawa, Yoshihiro,
Dates associated with a name 1932-
830 #0 - SERIES ADDED ENTRY--UNIFORM TITLE
Uniform title Springer series in photonics ;
Volume/sequential designation v. 13
856 42 - ELECTRONIC LOCATION AND ACCESS
Materials specified Publisher description
Uniform Resource Identifier <a href="http://www.loc.gov/catdir/enhancements/fy0817/2003057384-d.html">http://www.loc.gov/catdir/enhancements/fy0817/2003057384-d.html</a>
856 41 - ELECTRONIC LOCATION AND ACCESS
Materials specified Table of contents only
Uniform Resource Identifier <a href="http://www.loc.gov/catdir/enhancements/fy0817/2003057384-t.html">http://www.loc.gov/catdir/enhancements/fy0817/2003057384-t.html</a>
906 ## - LOCAL DATA ELEMENT F, LDF (RLIN)
a 7
b cbc
c orignew
d 1
e ocip
f 20
g y-gencatlg
942 ## - ADDED ENTRY ELEMENTS (KOHA)
Source of classification or shelving scheme
Koha item type Book
Holdings
Withdrawn status Lost status Source of classification or shelving scheme Damaged status Not for loan Collection code Permanent Location Current Location Shelving location Date acquired Source of acquisition Cost, normal purchase price Total Checkouts Full call number Barcode Date last seen Price effective from Koha item type
            US-Pakistan Center for Advanced Studies in Energy (USPCAS-E) US-Pakistan Center for Advanced Studies in Energy (USPCAS-E)   12/28/2015 Progressive 10622.00   621.31244 THI 20004 CAS-E0001041 12/28/2015 12/28/2015 Book
© 2023 Central Library, National University of Sciences and Technology. All Rights Reserved.